Разработка рецептур смешения бензинов на Ачинском НПЗ; Химия и химическая технология в XXI веке; Т. 2

Бібліографічні деталі
Parent link:Химия и химическая технология в XXI веке: материалы XIV Всероссийской научно-практической конференции имени профессора Л.П. Кулёва студентов и молодых ученых с международным участием, Томск, 13-16 мая 2013 г/ Национальный исследовательский Томский политехнический университет (ТПУ).— , 2013
Т. 2.— 2013.— [С. 42-44]
Автор: Майлин М. В.
Співавтор: Национальный исследовательский Томский политехнический университет (ТПУ) Институт природных ресурсов (ИПР) Кафедра химической технологии топлива и химической кибернетики (ХТТ)
Інші автори: Киргина М. В. Мария Владимировна (научный руководитель), Иванчина Э. Д. Эмилия Дмитриевна
Резюме:Заглавие с титульного экрана
Мова:Російська
Опубліковано: 2013
Серія:Технология и моделирование процессов подготовки и переработки природных энергоносителей
Предмети:
Онлайн доступ:http://www.lib.tpu.ru/fulltext/c/2013/C27/V2/022.pdf
Формат: Електронний ресурс Частина з книги
KOHA link:https://koha.lib.tpu.ru/cgi-bin/koha/opac-detail.pl?biblionumber=242155

MARC

LEADER 00000naa2a2200000 4500
001 242155
005 20251219104815.0
035 |a (RuTPU)RU\TPU\book\263453 
035 |a RU\TPU\book\263431 
090 |a 242155 
100 |a 20130827d2013 k y0rusy50 ca 
101 0 |a rus 
102 |a RU 
135 |a drcn ---uucaa 
181 0 |a i  
182 0 |a b 
200 1 |a Разработка рецептур смешения бензинов на Ачинском НПЗ  |f М. В. Майлин, М. В. Киргина  |g науч. рук. Э. Д. Иванчина 
203 |a Текст  |c электронный 
225 1 |a Технология и моделирование процессов подготовки и переработки природных энергоносителей 
300 |a Заглавие с титульного экрана 
337 |a Adobe Reader 
461 1 |0 (RuTPU)RU\TPU\book\259433  |t Химия и химическая технология в XXI веке  |o материалы XIV Всероссийской научно-практической конференции имени профессора Л.П. Кулёва студентов и молодых ученых с международным участием, Томск, 13-16 мая 2013 г  |o в 2 т.  |f Национальный исследовательский Томский политехнический университет (ТПУ)  |d 2013 
463 1 |0 (RuTPU)RU\TPU\book\259439  |t Т. 2  |v [С. 42-44]  |d 2013 
610 1 |a труды учёных ТПУ 
610 1 |a электронный ресурс 
610 1 |a рецептуры 
610 1 |a смешивание 
610 1 |a бензины 
700 1 |a Майлин  |b М. В. 
701 1 |a Киргина  |b М. В.  |c химик-технолог  |c доцент Томского политехнического университета, кандидат технических наук  |f 1988-  |g Мария Владимировна  |3 (RuTPU)RU\TPU\pers\29053  |9 13753 
702 1 |a Иванчина  |b Э. Д.  |c химик  |c профессор Томского политехнического университета, доктор технических наук  |f 1951-  |g Эмилия Дмитриевна  |4 727 
712 0 2 |a Национальный исследовательский Томский политехнический университет (ТПУ)  |b Институт природных ресурсов (ИПР)  |b Кафедра химической технологии топлива и химической кибернетики (ХТТ)  |3 (RuTPU)RU\TPU\col\18665 
801 2 |a RU  |b 63413507  |c 20140524  |g RCR 
856 4 |u http://www.lib.tpu.ru/fulltext/c/2013/C27/V2/022.pdf 
942 |c CF